00596nam a2200193Ia 4500008004100000020001300041082001700054100002500071245003000096250000800126260003500134300003000169500001900199600002000218650002000238942000700258952012200265999001500387240925s9999 xx 000 0 und d a70286809 a388.3221 HIC aHickerson ,Thomas F. 0aRoute Location and Design a5th aNew York:bMcGraw-Hillc,1964. axviii,987p.bNAfOriginal aIncludes Index aSocial Sciences aSocial Sciences cBK 001040708SSaUITUbUITUd1997-11-18eUIT Fruit Canadal0o388.3221 HICpQ1274r2024-09-25 07:12:22w2024-09-25yBK c3773d3773